000 00294nam a22001337a 4500
008 170811b xxu||||| |||| 00| 0 eng d
020 _a700507016800
041 _aeng
080 _23RD
_a51
100 _a36
101 _aMAT
245 _aMATH IN EVERYDAY LIFE
_cNEWTON,D.E
942 _2udc
_cBK
999 _c23230
_d23230